It looks like you're offline.
Open Library logo
additional options menu

MARC Record from Scriblio

Record ID marc_records_scriblio_net/part26.dat:114533447:867
Source Scriblio
Download Link /show-records/marc_records_scriblio_net/part26.dat:114533447:867?format=raw

LEADER: 00867cam 2200277 a 4500
001 97003786
003 DLC
005 20030801095338.0
008 970130s1997 mdua b 001 0 eng c
010 $a 97003786
020 $a0683302612
040 $aDNLM/DLC$cDLC$dDLC
050 10 $aRC735.I5$bH36 1997
060 10 $aWF 26 H236 1997
082 00 $a615.8/36$221
245 00 $aHandbook of mechanical ventilatory support /$c[edited by] M. Christine Stock, Azriel Perel.
250 $a2nd ed.
260 $aBaltimore :$bWilliams & Wilkins,$cc1997.
300 $axx, 387 p. :$bill. ;$c23 cm.
504 $aIncludes bibliographical references and index.
650 0 $aRespiratory therapy.
650 0 $aArtificial respiration.
650 0 $aRespirators (Medical equipment)
650 22 $aRespiration, Artificial.
700 1 $aStock, M. Christine.
700 1 $aPerel, Azriel.